000 02256nam a2200565 i 4500
001 15468
003 KOSZ 005
005 20200630090414.0
008 200416s1973 pl a f 000 0 pol
015 _aUWD 1973/5938
035 _a991033703969705066
035 _a(PL-WaBN)b19020752-48omnis_nlop
035 _ab19020752
035 _a(OCoLC)804373420
035 _a(PL)b0000001902075
035 _a(EXLNZ-48OMNIS_NETWORK)9910081279005606
040 _aWA N
_cWA N
_dKOSZ 005/RW
041 0 _apol
_beng
_brus
046 _k1973
080 _a678.7
080 _a531
100 1 _aKałwak, Jan
_eAutor
245 1 0 _aDoraźne i zmęczeniowe charakterystyki wytrzymałościowe wybranych polimerów /
_cJan Kałwak, Eugeniusz Świątek, Jerzy Zawadzki.
260 _aWrocław :
_bWydawnictwo Politechniki Wrocławskiej,
_c1973.
300 _a65 stron :
_bilustracje ;
_c24 cm.
336 _aTekst
_btxt
_2rdacontent
337 _aBez urządzenia pośredniczącego
_bn
_2rdamedia
338 _aWolumin
_bnc
_2rdacarrier
380 _aKsiążki
380 _aPublikacje naukowe
388 _a1901-2000
388 _a1945-1989
490 1 _aPrace Naukowe Instytutu Materiałoznawstwa i Mechaniki Technicznej Politechniki Wrocławskiej. Studia i Materiały,
_x0370-0917 ;
_v9
500 _aNumeracja serii głównej: 14
504 _aBibliografia przy rozdziałach.
546 _aStreszczenie w języku angielskim i rosyjskim.
650 7 _aPolimery
_2DBN
650 7 _aWytrzymałość materiałów
650 7 _aMechanika
655 7 _aOpracowanie
658 _aInżynieria i technika
700 1 _aŚwiątek, Eugeniusz
_eAutor
700 1 _aZawadzki, Jerzy
_d(1923-2000)
_eAutor
710 2 _aOficyna Wydawnicza Politechniki Wrocławskiej
_4pbl
830 0 _aPrace Naukowe Instytutu Materiałoznawstwa i Mechaniki Technicznej Politechniki Wrocławskiej
_v14
830 0 _aPrace Naukowe Instytutu Materiałoznawstwa i Mechaniki Technicznej Politechniki Wrocławskiej.
_pStudia i Materiały
_v9
856 _uhttp://koha.tu.koszalin.pl/cgi-bin/koha/opac-detail.pl?biblionumber=15468
_yKatalog online BPK
942 _2UKD
_cKS
999 _c15468
_d15468